|
|
|
|
| LEADER |
01253nam a2200361 a 4500 |
| 001 |
nkc20061637866 |
| 003 |
CZ PrNK |
| 005 |
20060515085632.0 |
| 007 |
ta |
| 008 |
060112s2006 xr e f 000 0 cze |
| 015 |
|
|
|a cnb001637866
|
| 020 |
|
|
|a 80-87001-01-X
|q (brož.)
|
| 035 |
|
|
|a (OCoLC)85525854
|
| 040 |
|
|
|a BOA001
|b cze
|
| 043 |
|
|
|a e-xr---
|
| 072 |
|
7 |
|a 347.7
|x Obchodní právo. Finanční právo. Právo průmyslového vlastnictví. Patentové právo. Autorské právo
|2 Konspekt
|9 16
|
| 080 |
|
|
|a 347.736
|2 MRF
|
| 080 |
|
|
|a (437.3)
|2 MRF
|
| 080 |
|
|
|a (0:82-32)
|2 MRF
|
| 100 |
1 |
|
|a Kozák, Jan,
|d 1970 prosinec 11.-
|7 mzk2006331750
|4 aut
|
| 245 |
1 |
0 |
|a Konkursní perličky ze soudních síní /
|c Jan Kozák
|
| 250 |
|
|
|a 1. vyd.
|
| 260 |
|
|
|a Brno :
|b Rašínova vysoká škola,
|c 2006
|
| 300 |
|
|
|a 114 s. ;
|c 21 cm
|
| 650 |
0 |
7 |
|a konkurzní a vyrovnací řízení
|7 ph121802
|z Česko
|2 czenas
|
| 650 |
0 |
9 |
|a bankruptcy and composition proceedings
|z Czechia
|2 eczenas
|
| 655 |
|
7 |
|a příběhy
|7 fd133204
|2 czenas
|
| 655 |
|
9 |
|a stories
|2 eczenas
|
| 910 |
2 |
|
|a BOA001
|b 2-1166.426
|
| 990 |
|
|
|a BK
|
| 995 |
|
|
|a 01
|
| 991 |
|
|
|b 200604
|c NOV
|
| 996 |
6 |
|
|b 2610276181
|c 2-1166.426
|l MZK
|r Sklad / do 1 hodiny
|n 3
|p p.v.
|w 000812240
|u 000010
|a 1
|e BOA001
|j MZK50
|s P
|